|
|
|
|
| LEADER |
00000nam0a2200000 4500 |
| 001 |
36841 |
| 005 |
20231031003029.0 |
| 035 |
|
|
|a (RuTPU)RU\TPU\book\37325
|
| 035 |
|
|
|a BOOK00003977
|
| 090 |
|
|
|a 36841
|
| 100 |
|
|
|a 20011210d1968 km y0rusy50 ca
|
| 101 |
1 |
|
|a rus
|c eng
|
| 102 |
|
|
|a RU
|
| 105 |
|
|
|a a z 001zy
|
| 200 |
1 |
|
|a Теория функций
|e пер. с англ.
|f А. Гурвиц, Р. Курант
|
| 210 |
|
|
|a Москва
|c Наука
|d 1968
|
| 215 |
|
|
|a 648 с.
|c ил.
|
| 320 |
|
|
|a Предм. указ.: с. 647-648.
|
| 610 |
1 |
|
|a математика
|
| 610 |
1 |
|
|a функции
|
| 610 |
1 |
|
|a теория
|
| 610 |
1 |
|
|a аналитические функции
|
| 610 |
1 |
|
|a ряды
|
| 610 |
1 |
|
|a эллиптические функции
|
| 610 |
1 |
|
|a теоремы
|
| 675 |
|
|
|a 517.5
|v 3
|
| 700 |
|
1 |
|a Гурвиц
|b А.
|g Адольф
|
| 701 |
|
1 |
|a Курант
|b Р.
|g Рихард
|
| 801 |
|
0 |
|a RU
|b 63413507
|c 20011210
|g PSBO
|
| 801 |
|
2 |
|a RU
|b 63413507
|c 20180621
|g PSBO
|
| 942 |
|
|
|c BK
|